| 000 | 00988nas a2200325 4500 | ||
|---|---|---|---|
| 001 | BR2012007333 | ||
| 003 | BR-BrBNA | ||
| 005 | 20231205121308.0 | ||
| 007 | ta | ||
| 008 | 230509b bl.|||p| |||| 00| 00por d | ||
| 040 |
_aBR-BrBNA _bpor _cBiblioteca Nacional de Agricultura |
||
| 041 | _a(Pt) | ||
| 072 | _aL73 | ||
| 100 | 1 | _aGonçalves, D.D. | |
| 100 | 1 | _aTaroda, A. | |
| 100 | 1 | _aBenitez, A. | |
| 100 | 1 | _aLopes, F.M.R. | |
| 100 | 1 | _aMendes, T.C. | |
| 100 | 1 | _aFreitas, J.C. de | |
| 245 | 1 | _aOcorrência de carrapatos (Acari: Ixodidae)parasitando equinos no município de Jataizinho, Paraná | |
| 650 | _aEQUINO | ||
| 650 | _aCARRAPATO | ||
| 650 | _aPARASITO DE ANIMAL | ||
| 650 | _aANTICORPO | ||
| 650 | _aDOENÇA ANIMAL | ||
| 650 | _aPARANÁ | ||
| 773 | 0 |
_tArquivos de Ciências Veterinárias e Zoologia da UNIPAR (Brazil) _xISSN 1415-8167 _g(Jan-Jun 2012), v. 14(1) p. 81-82 _wBR2012007333 |
|
| 909 |
_a202311 _bLúcia _c55 _dLúcia Elande |
||
| 942 |
_2AGRIS _n0 _cANA |
||
| 999 |
_c222803 _d222803 |
||